000 00534nam a2200169Ia 4500
008 240729s9999 xx 000 0 und d
022 _a2376-9955
245 0 _aInternational Journal of Nuclear Security
260 _aUnited States
260 _bInstitute for Nuclear Security
650 _a Electrical engineering. Electronics. Nuclear engineering
650 _a Nuclear engineering. Atomic power
650 _aTechnology
856 _uhttps://doaj.org/toc/93b0aa97869044f0a926dc19e17a5ba1
942 _2ddc
942 _cDOAJEJ
999 _c72230
_d72230
945 _a1
_bMadushi Gamage
_c1
_dMadushi Gamage